[Event "Oberliga Bayern 1718"]
[Site "Bayern"]
[Date "2018.03.18"]
[Round "8.8"]
[White "Faralisz, Patrick"]
[Black "Stock, Christoph"]
[Result "0-1"]
[WhiteElo "1916"]
[BlackElo "2179"]
[PlyCount "82"]
[EventDate "2017.10.22"]
[EventType "team-tourn"]
[EventRounds "9"]
[EventCountry "GER"]
[SourceTitle "EXT 2020"]
[Source "ChessBase"]
[SourceDate "2019.10.17"]
[SourceVersion "1"]
[SourceVersionDate "2019.10.17"]
[SourceQuality "1"]
[WhiteTeam "Nuernberg NT II"]
[BlackTeam "Muenchen 36"]
[WhiteTeamCountry "GER"]
[BlackTeamCountry "GER"]

1. e4 e6 2. d4 d5 3. Nd2 c5 4. exd5 Qxd5 5. Ngf3 Nc6 6. Bc4 Qd7 7. Nb3 cxd4 8. 0-0 Nf6 9. Nbxd4 a6 10. Nxc6 Qxc6 11. Ne5 Qc5 12. Qe2 Bd6 13. Re1 Bxe5 14. Qxe5 Qxc4 15. Bg5 Bd7 16. Rad1 Qb5 17. Bxf6 gxf6 18. Qxf6 Rg8 19. Re5 Qb4 20. g3 Qe7 21. Qf4 0-0-0 22. c4 Bc6 23. Rde1 Qd6 24. a3 Qd4 25. Qe3 Rg4 26. f4 Qxb2 27. Re2 Rd1+ 28. Kf2 Qb1 29. Qa7 Rf1+ 30. Ke3 Rf3+ 31. Kd4 Qg1+ 32. R2e3 Kc7 33. c5 Rxe3 34. Qb6+ Kc8 35. Rxe3 e5+ 36. Kd3 e4+ 37. Kd4 Rg8 38. Qb3 Qa1+ 39. Kc4 Rd8 40. Kb4 Qd4+ 41. Ka5 Qxc5+ 0-1

[Event "Mittelfranken-chTB1 1617"]
[Site "Mittelfranken"]
[Date "2017.01.22"]
[Round "5.3"]
[White "Faralisz, Patrick"]
[Black "Petzold, Vinzenz"]
[Result "1-0"]
[WhiteElo "1863"]
[BlackElo "1973"]
[PlyCount "69"]
[EventDate "2016.10.23"]
[EventType "team-tourn"]
[EventRounds "9"]
[EventCountry "GER"]
[SourceTitle "EXT 2022"]
[Source "ChessBase"]
[SourceDate "2021.10.06"]
[SourceVersion "1"]
[SourceVersionDate "2021.10.06"]
[SourceQuality "1"]
[WhiteTeam "Nuernberg Noris Tarrasch III"]
[BlackTeam "Nuernberg Zabo Eintracht"]
[WhiteTeamCountry "GER"]
[BlackTeamCountry "GER"]

1. e4 c5 2. Nf3 Nc6 3. Bb5 g6 4. Bxc6 bxc6 5. 0-0 Bg7 6. Re1 Nf6 7. e5 Nd5 8. c4 Nc7 9. d4 cxd4 10. Nxd4 0-0 11. Bf4 Bb7 12. Nc3 a5 13. Bg3 c5 14. Ndb5 Nxb5 15. Nxb5 a4 16. Qg4 Bc6 17. Rad1 Qb6 18. h4 h5 19. Qe2 Rfc8 20. Nc3 a3 21. b3 Qb7 22. Nd5 Kf8 23. Qe3 Bxd5 24. Rxd5 Qc6 25. Red1 Ke8 26. Bf4 e6 27. R5d3 Rc7 28. Bh6 Bh8 29. Bg5 Bg7 30. Qf4 Rac8 31. Rf3 d5 32. exd6 Rd7 33. Be7 f5 34. Qg5 Kf7 35. Rg3 1-0

[Event "Landesliga U20 Nord 1617"]
[Site "Bayern"]
[Date "2017.01.21"]
[Round "5.3"]
[White "Faralisz, Patrick"]
[Black "Schwab, Leon"]
[Result "1/2-1/2"]
[WhiteElo "1863"]
[BlackElo "1475"]
[PlyCount "100"]
[EventDate "2016.11.12"]
[EventType "team-tourn"]
[EventRounds "7"]
[EventCountry "GER"]
[SourceTitle "EXT 2022"]
[Source "ChessBase"]
[SourceDate "2021.10.06"]
[SourceVersion "1"]
[SourceVersionDate "2021.10.06"]
[SourceQuality "1"]
[WhiteTeam "Nuernberg NT U20"]
[BlackTeam "Kelheim SK U20"]
[WhiteTeamCountry "GER"]
[BlackTeamCountry "GER"]

1. e4 d6 2. d4 Nf6 3. Nc3 g6 4. h3 Bg7 5. Be3 0-0 6. g4 Nc6 7. Nge2 e5 8. d5 Ne7 9. Bg2 Nd7 10. Ng3 Nb6 11. Qe2 Bd7 12. 0-0-0 Na4 13. Nxa4 Bxa4 14. h4 a6 15. h5 Bb5 16. Qd2 Qd7 17. Bh6 Qxg4 18. Bh3 Bxh6 19. Bxg4 Bxd2+ 20. Rxd2 Kg7 21. Rg1 Rad8 22. b3 Bd7 23. Bxd7 Rxd7 24. Nf5+ Nxf5 25. exf5 Kf6 26. fxg6 fxg6 27. hxg6 hxg6 28. Kd1 Rh7 29. Rg2 g5 30. Rd3 Rg8 31. Rf3+ Kg6 32. Rxg5+ Kxg5 33. Rg3+ Kf4 34. Rxg8 Ke4 35. c4 Rf7 36. Ke2 Kd4 37. Rg3 Kc5 38. a3 b5 39. cxb5 axb5 40. Rd3 Rf4 41. Ke3 c6 42. dxc6 Kxc6 43. Rc3+ Kb6 44. Rc8 Kb7 45. Rd8 Kc6 46. Ra8 Kb7 47. Rd8 Kc7 48. Ra8 Kb7 49. Rd8 Kc7 50. Ra8 Kb7 1/2-1/2

[Event "Mittelfranken-ch QT"]
[Site "Nuremberg"]
[Date "2016.03.23"]
[Round "1"]
[White "Faralisz, Patrick"]
[Black "Chowdhury, Sandip"]
[Result "1-0"]
[WhiteElo "1675"]
[BlackElo "1593"]
[PlyCount "173"]
[EventDate "2016.03.23"]
[EventType "swiss"]
[EventRounds "7"]
[EventCountry "GER"]
[SourceTitle "EXT 2018"]
[Source "ChessBase"]
[SourceDate "2017.10.13"]
[SourceVersion "1"]
[SourceVersionDate "2017.10.13"]
[SourceQuality "1"]

1. e4 c5 2. Nf3 g6 3. c3 Bg7 4. d4 cxd4 5. cxd4 d5 6. e5 Bg4 7. Be2 e6 8. Nc3 a6 9. Bg5 Qb6 10. Qa4+ Nc6 11. Nb5 Bxf3 12. Nd6+ Kf8 13. Bxf3 Qxb2 14. Rd1 Qc3+ 15. Kf1 b5 16. Nxb5 Qb4 17. Qxb4+ Nxb4 18. Bd2 axb5 19. Bxb4+ Ke8 20. a3 Bh6 21. Be2 Rb8 22. Bd6 Rb7 23. Rb1 Ne7 24. Rxb5 Rxb5 25. Bxb5+ Kd8 26. Ke2 Nf5 27. Bc5 Bf8 28. Kd3 Bxc5 29. dxc5 Kc7 30. h4 Nh6 31. f3 Rf8 32. h5 g5 33. Re1 Nf5 34. Kc3 Ng3 35. h6 Nf5 36. Kb4 Nxh6 37. Rh1 Nf5 38. Rxh7 Nh4 39. Rg7 Ng6 40. a4 Nxe5 41. Rxg5 Nc6+ 42. Kc3 Na5 43. Rg7 Nc6 44. f4 Na5 45. g3 Nc6 46. g4 Nd8 47. g5 Kb8 48. Kd4 Rh8 49. Ke5 Rf8 50. Kd6 Nb7+ 51. Ke7 Rc8 52. Rxf7 Nxc5 53. Rf8 Rxf8 54. Kxf8 Ne4 55. g6 Nf6 56. Kf7 Nh5 57. Kxe6 Nxf4+ 58. Kf7 Nxg6 59. Kxg6 Kc7 60. Kf5 Kd6 61. Kf4 Kc5 62. Ke3 Kb4 63. Kd4 Ka5 64. Kxd5 Kb6 65. Kc4 Ka5 66. Kb3 Kb6 67. Kb4 Ka7 68. Bc6 Ka6 69. a5 Ka7 70. Kb5 Kb8 71. Kb6 Kc8 72. a6 Kd8 73. a7 Ke7 74. a8Q Kf6 75. Qe8 Kf5 76. Qe7 Kf4 77. Qe4+ Kg3 78. Qf3+ Kh4 79. Qg2 Kh5 80. Qg3 Kh6 81. Qg4 Kh7 82. Qg5 Kh8 83. Kc7 Kh7 84. Kd7 Kh8 85. Ke7 Kh7 86. Kf7 Kh8 87. Qg7# 1-0

[Event "Nuremberg Zabo op 17th"]
[Site "Nuremberg"]
[Date "2015.09.21"]
[Round "2"]
[White "Faralisz, Patrick"]
[Black "Schneider, Jana"]
[Result "1/2-1/2"]
[WhiteElo "1733"]
[BlackElo "1995"]
[PlyCount "35"]
[EventDate "2015.09.21"]
[EventType "swiss"]
[EventRounds "5"]
[EventCountry "GER"]
[SourceTitle "EXT 2018"]
[Source "ChessBase"]
[SourceDate "2017.10.13"]
[SourceVersion "1"]
[SourceVersionDate "2017.10.13"]
[SourceQuality "1"]

1. e4 e5 2. Nf3 Nc6 3. Bc4 Bc5 4. c3 Nf6 5. d3 0-0 6. Bb3 d5 7. exd5 Nxd5 8. 0-0 Bg4 9. h3 Bh5 10. Re1 Re8 11. g4 Bg6 12. d4 e4 13. dxc5 exf3 14. Rxe8+ Qxe8 15. Bxd5 Rd8 16. Be3 Qe5 17. Bxf7+ Bxf7 18. Qxf3 1/2-1/2